Intombazanyana eyayingafuni ukukhula / (Record no. 755616)

MARC details
000 -LEADER
fixed length control field 00808nam a22002417a 4500
005 - DATE AND TIME OF LATEST TRANSACTION
control field 20230725090743.0
008 - FIXED-LENGTH DATA ELEMENTS--GENERAL INFORMATION
fixed length control field 230725b sa ||||| |||| 00| 0 eng d
020 ## - INTERNATIONAL STANDARD BOOK NUMBER
International Standard Book Number <a href="9781770099449">9781770099449</a>
Qualifying information (pbk)
040 ## - CATALOGING SOURCE
Original cataloging agency RDA
Transcribing agency 3228
082 ## - DEWEY DECIMAL CLASSIFICATION NUMBER
-- 23
Classification number ZUL J F TADJ
942 ## - ADDED ENTRY ELEMENTS
Creator Name Patrick Mahlalela
Creator ID 378
Modifier ID 378
Modifier Name Patrick Mahlalela
100 ## - MAIN ENTRY--PERSONAL NAME
Personal name Tadjo, Veronique
245 ## - TITLE STATEMENT
Title Intombazanyana eyayingafuni ukukhula /
260 ## - PUBLICATION, DISTRIBUTION, ETC.
Place of publication, distribution, etc. South Africa;
Name of publisher, distributor, etc. Jacana Media (Pty) Ltd;
Date of publication, distribution, etc. 2010.
300 ## - PHYSICAL DESCRIPTION
Extent [unnumbered pages of plates];
Other physical details colour illustrations;
Dimensions 26 cm.
490 ## - SERIES STATEMENT
Series statement Izindaba ezithandwa kakhulu e-Afrika
504 ## - BIBLIOGRAPHY, ETC. NOTE
Linkage Ihunyushelwe esiZulwini nguThandiwe Nxumalo Kunutu.
521 ## - TARGET AUDIENCE NOTE
Source Title of the book
650 ## - SUBJECT ADDED ENTRY--TOPICAL TERM
Topical term or geographic name entry element Zulu language Readers
Geographic subdivision South Africa
9 (RLIN) 180603
700 ## - ADDED ENTRY--PERSONAL NAME
Personal name Groenewald, Catherine
Relator term illustrator
942 ## - ADDED ENTRY ELEMENTS
Source of classification or shelving scheme Dewey Decimal Classification
942 ## - ADDED ENTRY ELEMENTS
Source of classification or shelving scheme Dewey Decimal Classification
item type Book
Holdings
Withdrawn status Lost status Source of classification or shelving scheme Damaged status Not for loan Collection code Home library Current library Shelving location Date acquired Cost, normal purchase price Total Checkouts Full call number Barcode Date last seen Price effective from item type
    Dewey Decimal Classification     Fiction Standerton Regional Library Amersfoort Library Children's Area 25.07.2023 90.00   ZUL J F TADJ 33228031013857 25.07.2023 25.07.2023 Book